书目信息 |
| 题名: |
剑南诗稿 上
|
|
| 作者: | 陆游 著 | |
| 分册: | ||
| 出版信息: | 长沙 岳麓书社 1998.09 |
|
| 页数: | 790页 | |
| 开本: | 32开 | |
| 丛书名: | ||
| 单 册: | ||
| 中图分类: | I222.744 | |
| 科图分类: | ||
| 主题词: | 诗歌--中国 , 韵文--中国 | |
| 电子资源: | ||
| ISBN: | 7-80520-809-3 | |
| 000 | 00561nam0 2200205 45 | |
| 001 | 0010010597 | |
| 005 | 20001001055501.9 | |
| 010 | @a7-80520-809-3@d29.00元 | |
| 100 | @a20001001d1998 km y0chiy0120 ea | |
| 101 | 0 | @achi |
| 105 | @a z 000yy | |
| 200 | 1 | @a剑南诗稿 上@AJian Nan Shi Gao Shang@f(宋)陆游著@F(Song)Lu You Zhu |
| 210 | @a长沙@c岳麓书社@d1998.09 | |
| 215 | @a790页@d32开 | |
| 606 | 0 | @a诗歌@x中国 |
| 606 | 0 | @a韵文@x中国 |
| 690 | @aI222.744@v3 | |
| 701 | 0 | @a陆游@4著 |
| 801 | @aCN@bPftUser@c20001001 | |
| 905 | @dI222.744@eL.439:1@b410236@f1 | |
| 剑南诗稿 上/(宋)陆游著.-长沙:岳麓书社,1998.09 |
| 790页;32开 |
| ISBN 7-80520-809-3:29.00元 |
| ● |
| 相关链接 |
|
|
|
正题名:剑南诗稿上
索取号:I222.744/L.439:1
 
预约/预借
| 序号 | 登录号 | 条形码 | 馆藏地/架位号 | 状态 | 备注 |
| 1 | 410236 | 204102363 | 文学库108/108文学库 17排2列2层/ [索取号:I222.744/L.439:1] | 在馆 |